| 000 | 00823nmm a2200205 a 4500 | ||
|---|---|---|---|
| 005 | 20210223124417.0 | ||
| 008 | 011002s2000 mx b spa d | ||
| 035 | _aUPN01000112385 | ||
| 049 | _aI | ||
| 050 | 4 |
_aLB1028.43 _bC6.5 |
|
| 245 | 0 | 0 | _aComputación para todos. |
| 260 |
_aMéxico : _bVermic, _cc2000 |
||
| 300 |
_a1 disco óptico de computador : _bson., col. : _c4 3/4 plg. |
||
| 440 | 0 | _aSoftware educativo) | |
| 538 | _aRequistios del sistema: Computadora Pentium o superior; 16 Mb de memoria RAM; Windows 9X o superior; 20 Mb. de espacio en disco duro para su instalación; unidad de CD-ROM; Monitor VGA 256 colores; Tarjeta de sonido; Mouse. | ||
| 521 | _aPara niños de 9 años en adelante. | ||
| 650 | 4 |
_aPROCESAMIENTO ELECTRONICO DE DATOS _96577 |
|
| 653 | 0 | _aJUEGOS EDUCATIVOS | |
| 905 | _aElectrónico | ||
| 999 |
_c86293 _d86293 |
||